000 00427nam a2200169Ia 4500
008 180921t2018 xxu||||| |||| 00| 0 sin d
041 _asin
080 _a809.13 VI
_bALA
100 _aVimalavansha Himi, Baddegama
245 _aපාලි රචනා -1
246 _aPali Rachana - 1
260 _bgodage
_acolombo
_c2018
300 _b99p, 21cm
942 _cBK
999 _c224
_d224
003 LK-CoDNM
040 _aLK-CoDNM
_dLK-CoDNM
_eLK-CoDNM